Statistics for Countries of Europe with an Empty Map - One Minute Sprint

Click here to take the quiz!

General Stats

  • This quiz has been taken 1,931 times
  • The average score is 32 of 45

Answers on the Map

Answers color-coded by a green-red scale on the quiz's map according to % correct below.
 

Answer Stats

Country% Correct
United Kingdom
96%
France
93%
Germany
93%
Spain
90%
Sweden
89%
Finland
87%
Italy
87%
Norway
87%
Ireland
86%
Poland
85%
Russia
85%
Portugal
84%
Estonia
79%
Austria
78%
Iceland
78%
Latvia
78%
Ukraine
78%
Belarus
76%
Belgium
76%
Greece
76%
Lithuania
76%
Denmark
75%
Netherlands
71%
Romania
69%
Andorra
67%
Slovakia
67%
Czech Republic
65%
Hungary
65%
Serbia
65%
Slovenia
65%
Switzerland
65%
Bulgaria
62%
Croatia
62%
Luxembourg
60%
Moldova
58%
Albania
57%
Bosnia and Herzegovina
57%
Monaco
57%
Vatican City
57%
Malta
56%
San Marino
56%
Kosovo
52%
Macedonia
45%
Montenegro
45%
Liechtenstein
44%

Score Distribution

Percentile by Number Answered

Percent of People with Each Score

Your Score History

You have not taken this quiz